000 00468nam a2200169 i 4500
001 96438
003 ES-MaACL
005 20230906181920.0
007 t|
008 050617s2002 sp ||||1| spa d
100 1 _aMakhno, Nestor.
_975661
245 1 3 _aLa revolución Rusa en Ukrania /
_cNestor Makhno; traducción de F. Pizana.
260 _aBarcelona :
_bVértice,
_c1931.
300 _av. ;
_c19 cm.
700 1 _aPizana, F.
_992442
852 _aES-MaACL
_jF-13663
999 _c96438
_d96438